000 00630cab a2200229 4500
001 WB2837-47
008 090401t1992 xxu||||| |||| 00| 0 eng d
035 _a(Sirsi) u19336
041 _aeng
245 _aRented property
260 _c1992
350 _a0
490 _aIndependent
_v19 September 1992, 23(1)
520 _aInsurers are reluctant to provide buildings cover for rented homes.
650 _aASSOCIATION OF RESIDENTIAL LETTING AGENTS
650 _aBUILDINGS INSURANCE
650 _aRENTED HOUSING
650 _aSTUDENT ACCOMMODATION
690 _aINSURANCE
_96249
942 _n0
948 _c04/03/1997
999 _c12899
_d12899